00765nam a2200193Ia 4500003000900000008004100009040001600050080002400066100001700090111008000107245016900187260006500356300001000421490005600431650004100487650001500528650002000543650000800563IN-BaIIA211028s9999 xx 000 0 eng d cIIA Library a524.316(082.2)bDUP aDupree, A. K aWorkshop on Cool Stars,Stellar Systems and the SuncCambridged1980 Jan. 31 0aCool stars,stellar systems and the sunbproceedings of a workshop held in the Harvard-Smithsonian Centre for Astrophysics, Cambridge, January 31, 1980cA. K. Dupree aCambridgebHarvard-Smithsonian Center for Astrophysicsc1980 a215p. aResearch in Space Science,SAO Special Report No.389 aAstronomy and astrophysics thesaurus aCool stars aStellar systems aSun